000 00713nam a2200193 i 4500
001 42222
003 ES-MaACL
005 20230906160553.0
007 t|
008 030313s1971 sp ||||1| spa d
100 1 _aCeccaldi, Alain.
_937306
245 1 0 _aPráctica de la reeducación del pie /
_cpor Alain Ceccaldi ; prefacio de Lelievre ; versión, Escuela de Podología de la Facultad de Medicina de Madrid.
260 _aBarcelona :
_bToray-Masson,
_c[1971]
300 _aXI, 85 p. :
_bil. ;
_c22 cm.
650 4 _aPies-
_xEnfermedades-
_xTratamiento.
_9166184
700 1 _aLelievre, Jean.
_971433
710 2 _aUniversidad Complutense de Madrid.
_bFacultad de Medicina.
_97127
852 _aES-MaACL
_jC-45075
999 _c42222
_d42222